100 Najpopularniejszych imion męskich - Statystyki

Ogólne statystyki
  • Ten quiz został rozwiązany 5 831 razy
  • Średni wynik to 56 z 100
Statystyki odpowiedzi
Odpowiedź % Poprawnych
1 Piotr
91%
5 Jan
89%
10 Jakub
88%
6 Paweł
86%
32 Bartosz
83%
7 Michał
83%
15 Mateusz
82%
11 Adam
81%
4 Tomasz
80%
2 Krzysztof
79%
53 Aleksander
78%
24 Kamil
78%
30 Szymon
77%
3 Andrzej
76%
31 Kacper
75%
8 Marcin
74%
49 Filip
73%
45 Karol
73%
12 Marek
73%
9 Stanisław
73%
14 Grzegorz
72%
13 Łukasz
72%
50 Antoni
71%
56 Franciszek
71%
41 Patryk
71%
55 Bartłomiej
70%
21 Maciej
70%
23 Robert
70%
16 Wojciech
70%
27 Dawid
69%
17 Mariusz
67%
18 Dariusz
66%
54 Dominik
66%
62 Wiktor
66%
40 Damian
65%
71 Igor
63%
44 Daniel
62%
58 Mikołaj
62%
38 Henryk
59%
39 Sebastian
59%
51 Adrian
58%
33 Janusz
58%
69 Hubert
57%
22 Rafał
57%
34 Jarosław
56%
88 Nikodem
55%
70 Czesław
54%
60 Krystian
54%
28 Tadeusz
54%
19 Zbigniew
54%
52 Arkadiusz
52%
98 Eryk
52%
85 Oliwier
52%
26 Jacek
51%
36 Mirosław
51%
73 Oskar
51%
43 Przemysław
51%
63 Radosław
51%
37 Artur
50%
87 Cezary
50%
25 Józef
50%
68 Władysław
49%
67 Konrad
48%
89 Leon
48%
76 Marcel
48%
81 Miłosz
48%
35 Sławomir
48%
20 Jerzy
47%
96 Ignacy
46%
42 Kazimierz
46%
79 Maksymilian
45%
84 Zenon
45%
93 Julian
44%
90 Norbert
44%
99 Emil
43%
47 Marian
43%
92 Gabriel
42%
29 Ryszard
42%
64 Bogdan
41%
65 Edward
40%
46 Roman
40%
97 Tymoteusz
40%
48 Wiesław
40%
86 Alan
39%
57 Leszek
38%
77 Ireneusz
37%
74 Stefan
37%
94 Błażej
35%
82 Sylwester
35%
61 Zdzisław
35%
95 Fabian
34%
59 Waldemar
34%
75 Bogusław
32%
100 Bronisław
32%
66 Mieczysław
32%
78 Zygmunt
32%
80 Witold
31%
83 Włodzimierz
31%
72 Eugeniusz
30%
91 Oleksander
10%
Nie znaleziono quizów pasujących do podanych kryteriów
Rozkład punktacji
Procent ludzi z każdym wynikiem
Percentyl według liczby udzielonych odpowiedzi
Twoja historia wyników
Nie rozwiązałeś tego quizu